| 000 | 00737cam a2200217 i 4500 | ||
|---|---|---|---|
| 001 | 17751834 | ||
| 005 | 20250428181758.0 | ||
| 008 | 130524t20142014nju 001 0 eng | ||
| 020 | _a9780470599396 (pbk. : alk. paper) | ||
| 050 | 0 | 0 |
_aHD77 _b.S33 2014 |
| 082 | 0 | 0 |
_a338.9 _223 |
| 100 | 1 | _aSchaffner, Julie. | |
| 245 | 1 | 0 |
_aDevelopment economics : _btheory, empirical research, and policy analysis / _cJulie Schaffner, Tufts University. |
| 260 |
_aNew Jersey _bJohn Wiley & Sons Inc. _c2014 |
||
| 300 |
_axxiv, 664 pages ; _c26 cm |
||
| 500 | _aIncludes index. | ||
| 650 | 0 | _aEconomic development. | |
| 650 | 0 | _aEconomic policy. | |
| 650 | 7 |
_aBUSINESS & ECONOMICS / Development / Economic Development. _2bisacsh |
|
| 942 |
_2lcc _cBK _n0 |
||
| 999 |
_c5589 _d5589 |
||